| 000 | 00820nam a22002657a 4500 | ||
|---|---|---|---|
| 003 | CHAP | ||
| 005 | 20220817041830.0 | ||
| 008 | 971013s1987 ii a r 00010 spa d | ||
| 010 | _a25911 | ||
| 011 | _a26883 | ||
| 035 | _a30984 | ||
| 040 | _cCHAP | ||
| 082 | 0 | 4 |
_a635.657063 _bI5 |
| 110 | 2 | _aInternational Crops Research Institute for the Semi-Arid Tropics | |
| 245 | 1 | _aAdaptation of chickpea and pigeonpea to abiotic stresses | |
| 260 |
_aPatancheru : _bICRISAT, _c1987 |
||
| 300 |
_a178 p. : _bilus., gráfs |
||
| 590 |
_aBATCH-UPD _b10 _c20130110 _lUCH01 _h1450 |
||
| 590 |
_aCONVERSION _b10 _c20130109 _lUCH01 _h1315 |
||
| 650 | 1 | 4 | _aCajanus indicus. |
| 650 | 1 | 4 |
_aGarbanzo _xCongresos. _945601 |
| 901 | _aBK | ||
| 942 | _cLIBRO | ||
| 949 |
_a635.657063 I5 _bBC _cLIBRO _d33724000262911 _eLIBRO _h73125 _i30984 _mD _si |
||
| 999 |
_c25911 _d25911 |
||